| 000 | 00391nam a22001577a 4500 | ||
|---|---|---|---|
| 003 | OSt | ||
| 005 | 20170105103447.0 | ||
| 008 | 131204t xxu||||| |||| 00| 0 eng d | ||
| 020 | _a0312137486 | ||
| 040 | _cASAB | ||
| 100 |
_aStephen Weidenborner _9402 |
||
| 245 |
_aWriting Research Papers _bA Guide to the process |
||
| 250 | _a5th Ed. | ||
| 260 | _aRamazan printing press | ||
| 942 |
_2ddc _cBK |
||
| 999 |
_c16674 _d16674 |
||